书目信息 |
| 书名: | The Facts on File encyclopedia of word and phrase origins | |
| 作者: | Robert Hendrickson. | |
| 分册号: | ||
| 分册名: | 出版地: | New York : |
|
| 出版社: | Facts on File | |
| 出版时间: | c1987. | |
| 页数: | 581 p. ; | |
| 开本: | 29 cm. | |
| 丛书名: | ||
| 中图分类号: | ||
| 科图分类号: | ||
| 其他分类号: | H313.9-61 | |
| 主题词: | ||
| 电子资源: | ||
| 000 | 00836cam 22002530a 4504 | |
| 001 | E0731647167 | |
| 003 | CaOON | |
| 005 | 20070228084911.76 | |
| 008 | 030327s1987 nyu bd 0011 eng l | |
| 010 | @a86002067 | |
| 020 | @a0816010129. | |
| 040 | @aDLC@beng@cDLC@dCaOONL@dCaOON | |
| 090 | @aH313.9-61 | |
| 099 | @dH313.9-61@ex39 | |
| 100 | 1 | @aHendrickson, Robert,@d1933- |
| 245 | 14 | @aThe Facts on File encyclopedia of word and phrase origins / @cRobert Hendrickson. |
| 260 | 0 | @aNew York :@bFacts on File,@cc1987. |
| 300 | @a581 p. ;@c29 cm. | |
| 504 | @aIncludes bibliography and index. | |
| 650 | 0 | @aEnglish language@xTerms and phrases. |
| 650 | 0 | @aEnglish language@xEtymology@xDictionaries. |
| 710 | 20 | @aFacts on File, Inc. |
| 740 | 0 | @aEncyclopedia of word and phrase origins. |
| 920 | @a232010@z2 | |
| The Facts on File encyclopedia of word and phrase origins / / Robert Hendrickson.-New York : : Facts on File, , c1987. |
| 581 p. ; ; 29 cm. |
| Includes bibliography and index. |
| ISBN 0816010129. |
| ● |
| 相关链接 |
|
|
|
|
正题名:Facts on File encyclopedia of word and phrase origins
索取号:H313.9-61/x39
 
预约/预借
| 序号 | 登录号 | 条形码 | 馆藏地/架位号 | 状态 | 备注 |
| 1 | 184013 | 001300345 | 第二样本阅览室/ [索取号:H313.9-61/x39] | 在馆 | |
| 2 | 184014 | 001300336 | 第四借阅区/ [索取号:H313.9-61/x39] | 在馆 |